000 01554cam a22001934a 4500
005 20250605163944.0
008 250528s ||||||||||||||||||||||||d
035 _a15163
020 _a415123178
040 _aGR-AtMCL
_bgre
_dGR-AtMCL
_eAACR2
245 1 _aReadings in International Enterprise
260 _bInternational Thomson Business Press,
_c1995
300 _a296
520 _aThis is a comprehensive, up-to-date compendium of key readings on international business theory and practice. Introduction, International Enterprise: Strategies and People, The Effects of Globalization and Turbulence on Policy-Making Processes, The Determinants and Dynamics of National Advantage, Horses for Courses: Organizational Forms for Multinational Corporations, Thinking Globally and Acting Locally, The Internationalization of the Firm: Four Swedish Cases, Business Environment Assessment, International Economic Integration: Progress and Prospects and Implications, The Cultural Relativity of Organizational Practices and Theories, Developing a ''European'' Model of Human Resource Management, International Enterprise: Communications and Marketing and Production and Finance, Tech Talk: How Managers are Stimulating Global R&D Communication, Rattling SABRE: New Ways to Complete on Information, Technik: Managers and Management in Germany, Finance and Global Competition: Exploiting Financial Scope and Coping with Volatile Exchange Rates, Acknowledgements, Index.
700 1 _aDrew John
_91023
942 _cBK
999 _c757
_d757